Planets in Alphabetical Order - Statistics

General Stats
  • This quiz has been taken 337 times
  • The average score is 4 of 8
Answer Stats
Planet % Correct
Earth
99%
Jupiter
70%
Mars
62%
Mercury
53%
Neptune
42%
Saturn
35%
Uranus
31%
Venus
29%
No matching quizzes found
Score Distribution
Percent of People with Each Score
Percentile by Number Answered
Your Score History
You have not taken this quiz